| 000 | 00735nam a22002415i 4500 | ||
|---|---|---|---|
| 001 | 18255165 | ||
| 003 | PILC | ||
| 005 | 20151105084650.0 | ||
| 008 | 140805s2014 mau 000 0 eng | ||
| 010 | _a 2014947754 | ||
| 040 |
_aDLC _beng _erda _cDLC |
||
| 042 | _apcc | ||
| 050 |
_aHF 5415.153 _b.M679 2014 |
||
| 100 | 1 | _aMital, Anil. | |
| 245 | 1 | 0 |
_aProduct development : _ba structured approach to consumer product development, design, and manufacture / _cAnil Mital. |
| 250 | _a2nd edition. | ||
| 260 |
_aAmsterdam : _bElsevier, _c2014. |
||
| 263 | _a1408 | ||
| 300 |
_axvi, 522 pages : _billustrations ; _c23 cm. |
||
| 906 |
_a0 _bibc _corignew _d2 _eepcn _f20 _gy-gencatlg |
||
| 942 |
_2lcc _cBK _kFOR |
||
| 999 |
_c288891 _d288891 |
||